[Event "Norwegian Team Championship 2019"]
[Site "Drammen"]
[Date "2019.05.30"]
[Round "1.1"]
[White "Hammer, Jon Ludvig"]
[Black "Gronnestad, Anita"]
[Result "1-0"]
[WhiteElo "2645"]
[BlackElo "1950"]
[Annotator "TA"]
[PlyCount "49"]
[EventDate "2019.05.30"]
[EventType "swiss"]
[EventCountry "NOR"]
[SourceTitle "playchess.com"]
[Source "ChessBase"]
[SourceQuality "1"]

{[%evp 19,49,79,93,100,111,78,72,76,101,101,126,126,128,120,231,217,216,207,288,257,295,314,309,280,490,492,435,477,556,365,630,603]} 1. c4 Nf6 2. g3 e6 3. Bg2 d5 4. d4 Be7 5. Nf3 O-O 6. O-O b6 7. cxd5 exd5 8. Nc3 Bb7 9. Ne5 Nbd7 10. Qa4 Nb8 11. Rd1 {E18: Queen's Indian: Old Main Line (4 g3 Bb7 5 Bg2 Be7 6 0-0 0-0 7 Nc3)} a6 12. Qc2 (12. Bg5 Ne4 13. Bf4 Nxc3 14. bxc3 b5 15. Qb3 c6 16. e4 dxe4 17. Bxe4 Qc8 18. Re1 Bf6 {1-0 (40) Wang,Y (2734)-Khamrakulov,D (2509) Ha Long City 2009}) 12... Nbd7 13. Bf4 {White is better.} Rc8 $146 ({Predecessor:} 13... Re8 14. Qa4 b5 15. Qb3 Nb6 16. a4 b4 17. Na2 a5 18. Nc1 {1-0 (48) Mansurov,N-Tologontegin,S (2370) Abu Dhabi 2016}) 14. Qb3 c6 15. Bh3 b5 16. e4 b4 (16... Nb6 $16 {was called for.}) 17. Nxd7 Nxd7 18. exd5 c5 {[#] aiming for ...c4.} 19. dxc5 Nxc5 20. Qxb4 a5 21. Qd4 Re8 $2 (21... Bf6 22. Qd2 Nd7) 22. Bxc8 $18 Qxc8 23. Re1 Qd7 24. Rad1 {[#] Strongly threatening Qe3.} h6 $2 (24... Rc8 25. f3 Bf8) 25. Qe3 {Accuracy: White = 69%, Black = 19%.} 1-0

[Event "Norwegian Team Championship 2019"]
[Site "Drammen"]
[Date "2019.05.30"]
[Round "1.2"]
[White "Myren, Matias"]
[Black "Agdestein, Simen"]
[Result "0-1"]
[WhiteElo "1449"]
[BlackElo "2569"]
[Annotator "TA"]
[PlyCount "58"]
[EventDate "2019.05.30"]
[EventType "swiss"]
[EventCountry "NOR"]
[SourceTitle "playchess.com"]
[Source "ChessBase"]
[SourceQuality "1"]

{[%evp 11,64,-11,-2,-15,17,-62,-61,-158,-155,-145,-142,-150,-144,-210,-216,-223,-227,-223,-233,-225,-223,-266,-240,-234,-249,-282,-269,-316,-293,-397,-389,-385,-378,-407,-419,-475,-477,-1238,-1226,-1352,-1384,-2067,-2067,-1889,-1502,-1475,-1464,-29989,-29990,-29990,-29991,-29991,-29992,-29998,-749]} 1. e4 c5 2. Nc3 Nc6 3. f4 g6 4. Nf3 Bg7 5. Bb5 Nd4 6. Bc4 e6 7. e5 {B23: Closed Sicilian: Lines without g3} (7. Nxd4 cxd4 8. Ne2 b5 9. Bd3 Bb7 10. O-O Ne7 11. f5 gxf5 12. exf5 exf5 13. Qe1 Qc7 14. b3 Be5 {0-1 (27) Nikolovski,N (2420)-Karjakin,S (2765) Antalya 2017}) 7... d6 8. Nxd4 (8. O-O $11) 8... cxd4 $15 9. Bb5+ ({White should play} 9. Ne4 $15 dxe5 10. d3) 9... Bd7 $17 10. Bxd7+ $146 ({Predecessor:} 10. Ne4 dxe5 11. Nd6+ Ke7 12. Bxd7 Qxd7 13. fxe5 Bxe5 14. Ne4 Qd5 {0-1 (35) Azimova,K (2087)-Kostrikina,A (2079) St Petersburg 2011}) 10... Qxd7 11. Ne4 dxe5 12. d3 (12. fxe5 $17 Bxe5 13. d3) 12... f5 $19 13. Ng5 exf4 14. Bxf4 e5 15. Qe2 O-O-O 16. Bd2 h6 17. Nh3 Nf6 18. O-O-O Rhe8 19. Ba5 b6 20. Bb4 Nd5 21. Bd2 e4 22. dxe4 fxe4 23. Qa6+ Kb8 24. c4 (24. Kb1 $142) 24... dxc3 25. Bf4+ Ka8 26. b3 {[#]} c2 $1 27. Rd2 (27. Kxc2 Rc8+) 27... Qc6 {( -> ...Qf6)} 28. Qc4 Qf6 {[%csl Gg7][%cal Rf6b2]} 29. Rxc2 Qa1+ 0-1

[Event "Norwegian Team Championship 2019"]
[Site "Drammen"]
[Date "2019.05.30"]
[Round "1.3"]
[White "Hauge, Lars Oskar"]
[Black "Bjorkly, Sara Marie Skaug"]
[Result "1-0"]
[WhiteElo "2470"]
[BlackElo "1356"]
[Annotator "ChessBase"]
[PlyCount "51"]
[EventDate "2019.05.30"]
[EventType "swiss"]
[EventCountry "NOR"]
[SourceTitle "playchess.com"]
[Source "ChessBase"]
[SourceQuality "1"]
[TimeControl "40/5400:1800"]

1. e4 {[%emt 0:00:02]} c5 {[%emt 0:00:26]} 2. Nc3 {[%emt 0:00:19]} Nc6 {[%emt 0:00:12]} 3. f4 {[%emt 0:00:06]} g6 {[%emt 0:01:28]} 4. Nf3 {[%emt 0:00:16]} Bg7 {[%emt 0:01:24]} 5. Bb5 {[%emt 0:00:05]} e6 {[%emt 0:02:14]} 6. Bxc6 {[%emt 0:00:07]} bxc6 {[%emt 0:00:08]} 7. O-O {[%emt 0:00:08]} Ne7 {[%emt 0:02:01]} 8. d3 {[%emt 0:00:08]} d5 {[%emt 0:03:33]} 9. Qe1 {[%emt 0:00:06]} h5 {[%emt 0:04:27]} 10. Na4 {[%emt 0:00:26]} c4 {[%emt 0:16:41]} 11. dxc4 {[%emt 0:00:56]} Ba6 {[%emt 0:17:06]} 12. Ne5 {[%emt 0:01:42]} dxc4 {[%emt 0:05:45]} 13. Nc5 {[%emt 0:00:40]} Bc8 {[%emt 0:08:53]} 14. Be3 {[%emt 0:00:09]} a5 {[%emt 0:03:14]} 15. Rd1 {[%emt 0:00:14]} Qc7 {[%emt 0:00:12]} 16. Nxc4 {[%emt 0:02:14]} O-O {[%emt 0:00:56]} 17. Qf2 {[%emt 0:00:43]} a4 {[%emt 0:06:44]} 18. Bd4 {[%emt 0:00:38]} f5 {[%emt 0:03:59]} 19. Bxg7 {[%emt 0:00:45]} Kxg7 {[%emt 0:00:06]} 20. Rd6 {[%emt 0:00:18]} Qa7 {[%emt 0:05:09]} 21. Rfd1 {[%emt 0:00:22]} Qb8 {[%emt 0:01:42]} 22. Qd4+ {[%emt 0:02:08]} Kh6 {[%emt 0:00:12]} 23. Rd8 {[%emt 0:00:43]} Rf7 {[%emt 0:01:05]} 24. Nd6 {[%emt 0:01:18]} Rg7 {[%emt 0:00:43]} 25. Rh8+ {[%emt 0:00:08]} Rh7 {[%emt 0:00:06]} 26. Nf7# {[%emt 0:00:05]} 1-0

[Event "Norwegian Team Championship 2019"]
[Site "Drammen"]
[Date "2019.05.30"]
[Round "1.4"]
[White "Lohne, Morten"]
[Black "Galinsky, Timofey"]
[Result "0-1"]
[WhiteElo "1372"]
[BlackElo "2382"]
[Annotator "ChessBase"]
[PlyCount "50"]
[EventDate "2019.05.30"]
[EventType "swiss"]
[EventCountry "NOR"]
[SourceTitle "playchess.com"]
[Source "ChessBase"]
[SourceQuality "1"]
[TimeControl "40/5400:1800"]

1. e4 {[%emt 0:00:05]} e6 {[%emt 0:00:10]} 2. d4 {[%emt 0:00:08]} d5 {[%emt 0:00:11]} 3. exd5 {[%emt 0:00:59]} exd5 {[%emt 0:00:07]} 4. Nf3 {[%emt 0:00:17]} Nc6 {[%emt 0:01:47]} 5. Nc3 {[%emt 0:05:18]} Be7 {[%emt 0:02:55]} 6. Bf4 {[%emt 0:05:45]} a6 {[%emt 0:00:32]} 7. h3 {[%emt 0:03:16]} Nf6 {[%emt 0:03:03]} 8. Bd3 {[%emt 0:01:04]} Nb4 {[%emt 0:03:49]} 9. O-O {[%emt 0:09:39]} O-O {[%emt 0:04:23]} 10. Re1 {[%emt 0:07:50]} Re8 {[%emt 0:00:48]} 11. Ne5 {[%emt 0:01:05]} Be6 {[%emt 0:01:54]} 12. Ne2 {[%emt 0:07:14]} c5 {[%emt 0:02:05]} 13. c3 {[%emt 0:02:49]} Nxd3 {[%emt 0:00:40]} 14. Qxd3 {[%emt 0:00:55]} c4 {[%emt 0:00:33]} 15. Qc2 {[%emt 0:00:45]} Qc8 {[%emt 0:04:57]} 16. Ng3 {[%emt 0:02:08]} b5 {[%emt 0:00:08]} 17. Re3 {[%emt 0:02:13]} a5 {[%emt 0:01:11]} 18. Rae1 {[%emt 0:01:43]} Ra6 {[%emt 0:00:12]} 19. Bg5 {[%emt 0:06:25]} Ng4 {[%emt 0:03:29]} 20. Nxg4 {[%emt 0:03:00]} Bxg5 {[%emt 0:02:14]} 21. Re5 {[%emt 0:01:22]} Bf4 {[%emt 0:03:54]} 22. Rh5 {[%emt 0:01:40]} h6 {[%emt 0:00:12]} 23. Nf5 {[%emt 0:02:48]} Bxf5 {[%emt 0:00:15]} 24. Rxe8+ {[%emt 0:05:45]} Qxe8 {[%emt 0:00:11]} 25. Qd1 {[%emt 0:00:25]} Re6 {[%emt 0:01:13]} 0-1

[Event "Norwegian Team Championship 2019"]
[Site "Drammen"]
[Date "2019.05.30"]
[Round "1.5"]
[White "Haugsdal, Arn-Tore"]
[Black "Gandrud, Vegar Koi"]
[Result "0-1"]
[WhiteElo "1994"]
[BlackElo "2325"]
[Annotator "ChessBase"]
[PlyCount "42"]
[EventDate "2019.05.30"]
[EventType "swiss"]
[EventCountry "NOR"]
[SourceTitle "playchess.com"]
[Source "ChessBase"]
[SourceQuality "1"]
[TimeControl "40/5400:1800"]

1. e4 {[%emt 0:00:23]} c5 {[%emt 0:00:04]} 2. Nf3 {[%emt 0:00:08]} d6 {[%emt 0:00:05]} 3. d4 {[%emt 0:00:10]} cxd4 {[%emt 0:00:04]} 4. Nxd4 {[%emt 0:00:08]} Nf6 {[%emt 0:00:04]} 5. Nc3 {[%emt 0:00:20]} a6 {[%emt 0:00:04]} 6. Bc4 {[%emt 0:01:58]} e6 {[%emt 0:00:05]} 7. a4 {[%emt 0:02:07]} Be7 {[%emt 0:00:14]} 8. h4 {[%emt 0:03:28]} O-O {[%emt 0:08:01]} 9. Rh3 {[%emt 0:02:07]} d5 {[%emt 0:01:35]} 10. Bb3 {[%emt 0:16:06]} dxe4 {[%emt 0:10:14]} 11. Rg3 {[%emt 0:12:28]} e5 {[%emt 0:01:45]} 12. Bh6 {[%emt 0:00:36]} Ne8 {[%emt 0:00:18]} 13. Qh5 {[%emt 0:04:45]} Bxh4 {[%emt 0:21:41]} 14. Nd5 {[%emt 0:17:19]} Kh8 {[%emt 0:22:03]} 15. O-O-O {[%emt 0:05:49]} gxh6 {[%emt 0:01:06]} 16. Qxh6 {[%emt 0:00:21]} Rg8 {[%emt 0:00:16]} 17. Kb1 {[%emt 0:05:46]} Bxg3 {[%emt 0:02:06]} 18. fxg3 {[%emt 0:06:43]} exd4 {[%emt 0:00:18]} 19. Nb6 {[%emt 0:02:52]} Qd6 {[%emt 0:04:25]} 20. Qxd6 {[%emt 0:01:31]} Nxd6 {[%emt 0:00:02]} 21. Nxa8 {[%emt 0:00:26]} Nc6 {[%emt 0:00:08]} 0-1

[Event "Norwegian Team Championship 2019"]
[Site "Drammen"]
[Date "2019.05.30"]
[Round "1.6"]
[White "Storme, Isak"]
[Black "Birkestrand, Odd"]
[Result "1-0"]
[WhiteElo "2309"]
[BlackElo "1709"]
[Annotator "ChessBase"]
[PlyCount "67"]
[EventDate "2019.05.30"]
[EventType "swiss"]
[EventCountry "NOR"]
[SourceTitle "playchess.com"]
[Source "ChessBase"]
[SourceQuality "1"]
[TimeControl "40/5400:1800"]

1. e4 {[%emt 0:00:07]} e5 {[%emt 0:00:02]} 2. Nc3 {[%emt 0:00:06]} Nc6 {[%emt 0:00:19]} 3. g3 {[%emt 0:00:18]} Nf6 {[%emt 0:00:15]} 4. Bg2 {[%emt 0:00:08]} Be7 {[%emt 0:00:12]} 5. d3 {[%emt 0:00:24]} O-O {[%emt 0:01:07]} 6. f4 {[%emt 0:00:11]} d6 {[%emt 0:01:20]} 7. Nf3 {[%emt 0:01:00]} a6 {[%emt 0:02:49]} 8. O-O {[%emt 0:01:22]} exf4 {[%emt 0:03:32]} 9. Bxf4 {[%emt 0:00:51]} Rb8 {[%emt 0:01:31]} 10. d4 {[%emt 0:01:51]} Bg4 {[%emt 0:01:47]} 11. h3 {[%emt 0:00:52]} Bh5 {[%emt 0:02:03]} 12. Kh1 {[%emt 0:07:33]} Re8 {[%emt 0:17:24]} 13. Qd2 {[%emt 0:05:42]} Bg6 {[%emt 0:03:48]} 14. Rae1 {[%emt 0:03:17]} Nh5 {[%emt 0:00:57]} 15. Nd5 {[%emt 0:04:08]} Nxf4 {[%emt 0:03:52]} 16. gxf4 {[%emt 0:00:17]} Bh5 {[%emt 0:02:49]} 17. Rg1 {[%emt 0:05:07]} Rc8 {[%emt 0:04:39]} 18. f5 {[%emt 0:01:43]} h6 {[%emt 0:06:10]} 19. Qf4 {[%emt 0:04:40]} Bg5 {[%emt 0:08:46]} 20. Nxg5 {[%emt 0:01:34]} hxg5 {[%emt 0:03:06]} 21. Qf2 {[%emt 0:00:17]} f6 {[%emt 0:00:38]} 22. h4 {[%emt 0:00:47]} g4 {[%emt 0:01:41]} 23. Nf4 {[%emt 0:00:36]} Bf7 {[%emt 0:01:34]} 24. c3 {[%emt 0:01:14]} Kf8 {[%emt 0:04:26]} 25. Qg3 {[%emt 0:01:44]} Ke7 {[%emt 0:00:39]} 26. Qxg4 {[%emt 0:02:54]} Rh8 {[%emt 0:02:21]} 27. Bh3 {[%emt 0:00:59]} Qd7 {[%emt 0:01:15]} 28. Qxg7 {[%emt 0:00:29]} Rcg8 {[%emt 0:00:34]} 29. Ng6+ {[%emt 0:02:04]} Ke8 {[%emt 0:01:04]} 30. Qxf6 {[%emt 0:01:14]} Bxg6 {[%emt 0:00:19]} 31. Rxg6 {[%emt 0:00:10]} Qh7 {[%emt 0:03:52]} 32. Reg1 {[%emt 0:00:36]} Rf8 {[%emt 0:01:24]} 33. Qe6+ {[%emt 0:00:14]} Ne7 {[%emt 0:00:18]} 34. f6 {[%emt 0:00:33]} 1-0

[Event "Norwegian Team Championship 2019"]
[Site "Drammen"]
[Date "2019.05.30"]
[Round "1.7"]
[White "Birkestrand, Odd H"]
[Black "Ranaldi, Lucas"]
[Result "0-1"]
[WhiteElo "1609"]
[BlackElo "2237"]
[Annotator "ChessBase"]
[PlyCount "44"]
[EventDate "2019.05.30"]
[EventType "swiss"]
[EventCountry "NOR"]
[SourceTitle "playchess.com"]
[Source "ChessBase"]
[SourceQuality "1"]
[TimeControl "40/5400:1800"]

1. d4 {[%emt 0:00:07]} Nf6 {[%emt 0:00:10]} 2. Bf4 {[%emt 0:00:16]} d5 {[%emt 0:01:04]} 3. e3 {[%emt 0:00:24]} c5 {[%emt 0:01:07]} 4. c3 {[%emt 0:00:51]} Nc6 {[%emt 0:00:30]} 5. Bd3 {[%emt 0:02:32]} e6 {[%emt 0:05:19]} 6. Nf3 {[%emt 0:02:48]} Bd6 {[%emt 0:00:11]} 7. Bg3 {[%emt 0:00:04]} O-O {[%emt 0:00:28]} 8. Nbd2 {[%emt 0:01:17]} b6 {[%emt 0:00:16]} 9. Ne5 {[%emt 0:05:44]} Bb7 {[%emt 0:00:12]} 10. f4 {[%emt 0:04:11]} Ne7 {[%emt 0:00:11]} 11. Ndf3 {[%emt 0:01:55]} Nf5 {[%emt 0:01:54]} 12. Bf2 {[%emt 0:02:38]} Be7 {[%emt 0:00:28]} 13. g4 {[%emt 0:08:47]} Nd6 {[%emt 0:00:27]} 14. g5 {[%emt 0:06:29]} Nfe4 {[%emt 0:00:18]} 15. Bg3 {[%emt 0:00:23]} Rc8 {[%emt 0:11:02]} 16. Rg1 {[%emt 0:06:26]} b5 {[%emt 0:08:30]} 17. Nd2 {[%emt 0:17:10]} b4 {[%emt 0:05:58]} 18. c4 {[%emt 0:05:48]} Nxd2 {[%emt 0:18:04]} 19. Bxh7+ {[%emt 0:06:40]} Kxh7 {[%emt 0:00:08]} 20. Qh5+ {[%emt 0:00:03]} Kg8 {[%emt 0:00:08]} 21. g6 {[%emt 0:00:03]} fxg6 {[%emt 0:00:06]} 22. Nxg6 {[%emt 0:00:08]} Rf5 {[%emt 0:08:46]} 0-1

[Event "Norwegian Team Championship 2019"]
[Site "Drammen"]
[Date "2019.05.30"]
[Round "1.8"]
[White "Vitenberg, Noam Aviv"]
[Black "Larsen, Kasper"]
[Result "1-0"]
[WhiteElo "2256"]
[BlackElo "1827"]
[Annotator "ChessBase"]
[PlyCount "35"]
[EventDate "2019.05.30"]
[EventType "swiss"]
[EventCountry "NOR"]
[SourceTitle "playchess.com"]
[Source "ChessBase"]
[SourceQuality "1"]
[TimeControl "40/5400:1800"]

1. Nf3 {[%emt 0:00:02]} Nc6 {[%emt 0:00:09]} 2. d4 {[%emt 0:00:07]} d5 {[%emt 0:00:20]} 3. c4 {[%emt 0:00:06]} Nf6 {[%emt 0:00:44]} 4. cxd5 {[%emt 0:00:13]} Nxd5 {[%emt 0:00:41]} 5. e4 {[%emt 0:00:10]} Nf6 {[%emt 0:01:35]} 6. Be2 {[%emt 0:00:26]} e6 {[%emt 0:02:13]} 7. Nc3 {[%emt 0:00:09]} Bb4 {[%emt 0:00:47]} 8. Qd3 {[%emt 0:00:46]} O-O {[%emt 0:03:30]} 9. Bg5 {[%emt 0:02:10]} h6 {[%emt 0:01:43]} 10. Be3 {[%emt 0:00:22]} Re8 {[%emt 0:01:51]} 11. O-O {[%emt 0:01:32]} Bf8 {[%emt 0:02:47]} 12. Rac1 {[%emt 0:00:23]} a6 {[%emt 0:03:01]} 13. Rfd1 {[%emt 0:00:40]} Bd7 {[%emt 0:02:10]} 14. h3 {[%emt 0:00:35]} Rc8 {[%emt 0:02:32]} 15. a3 {[%emt 0:02:02]} Ne7 {[%emt 0:02:05]} 16. b4 {[%emt 0:08:12]} Ng6 {[%emt 0:02:44]} 17. Ne5 {[%emt 0:04:55]} Nxe5 {[%emt 0:02:37]} 18. dxe5 {[%emt 0:00:07]} 1-0

[Event "Norwegian Team Championship 2019"]
[Site "Drammen"]
[Date "2019.05.30"]
[Round "1.9"]
[White "Nilsen, Joachim Birger"]
[Black "Hamre, Kenneth"]
[Result "1-0"]
[WhiteElo "2401"]
[BlackElo "2033"]
[Annotator "ChessBase"]
[PlyCount "55"]
[EventDate "2019.05.30"]
[EventType "swiss"]
[EventCountry "NOR"]
[SourceTitle "playchess.com"]
[Source "ChessBase"]
[SourceQuality "1"]
[TimeControl "40/5400:1800"]

1. c4 {[%emt 0:00:03]} e6 {[%emt 0:00:23]} 2. Nf3 {[%emt 0:01:12]} Nf6 {[%emt 0:00:11]} 3. g3 {[%emt 0:00:57]} b6 {[%emt 0:00:58]} 4. Bg2 {[%emt 0:00:05]} Bb7 {[%emt 0:00:06]} 5. O-O {[%emt 0:00:04]} c5 {[%emt 0:00:18]} 6. d4 {[%emt 0:00:12]} cxd4 {[%emt 0:00:24]} 7. Qxd4 {[%emt 0:00:02]} Nc6 {[%emt 0:02:21]} 8. Qf4 {[%emt 0:00:13]} d6 {[%emt 0:02:11]} 9. Rd1 {[%emt 0:01:08]} Be7 {[%emt 0:00:46]} 10. Nc3 {[%emt 0:01:24]} O-O {[%emt 0:05:53]} 11. b3 {[%emt 0:00:38]} e5 {[%emt 0:17:38]} 12. Qd2 {[%emt 0:00:41]} Qd7 {[%emt 0:01:48]} 13. Ba3 {[%emt 0:07:09]} Rad8 {[%emt 0:04:08]} 14. e4 {[%emt 0:08:22]} h6 {[%emt 0:01:25]} 15. Qe2 {[%emt 0:01:31]} a6 {[%emt 0:18:09]} 16. Rd2 {[%emt 0:01:22]} Qc7 {[%emt 0:01:46]} 17. Rc1 {[%emt 0:02:24]} Nb8 {[%emt 0:01:09]} 18. Rdc2 {[%emt 0:10:06]} Nbd7 {[%emt 0:02:33]} 19. Nd5 {[%emt 0:00:15]} Nxd5 {[%emt 0:00:17]} 20. cxd5 {[%emt 0:00:03]} Qb8 {[%emt 0:00:10]} 21. Bh3 {[%emt 0:01:21]} Nc5 {[%emt 0:04:18]} 22. b4 {[%emt 0:00:57]} Na4 {[%emt 0:00:36]} 23. b5 {[%emt 0:05:07]} a5 {[%emt 0:01:07]} 24. Nxe5 {[%emt 0:00:37]} Bg5 {[%emt 0:04:19]} 25. f4 {[%emt 0:01:49]} dxe5 {[%emt 0:00:23]} 26. fxg5 {[%emt 0:00:07]} Rfe8 {[%emt 0:04:16]} 27. gxh6 {[%emt 0:00:26]} g6 {[%emt 0:00:16]} 28. Qf2 {[%emt 0:00:38]} 1-0

[Event "Norwegian Team Championship 2019"]
[Site "Drammen"]
[Date "2019.05.30"]
[Round "1.10"]
[White "Bjornes, Leif"]
[Black "Stokke, Kjetil"]
[Result "0-1"]
[WhiteElo "1899"]
[BlackElo "2343"]
[Annotator "ChessBase"]
[PlyCount "72"]
[EventDate "2019.05.30"]
[EventType "swiss"]
[EventCountry "NOR"]
[SourceTitle "playchess.com"]
[Source "ChessBase"]
[SourceQuality "1"]
[TimeControl "40/5400:1800"]

1. d4 {[%emt 0:00:05]} d5 {[%emt 0:00:06]} 2. c4 {[%emt 0:00:11]} dxc4 {[%emt 0:00:32]} 3. Nf3 {[%emt 0:00:17]} Nf6 {[%emt 0:00:36]} 4. e3 {[%emt 0:00:14]} e6 {[%emt 0:00:52]} 5. Bxc4 {[%emt 0:00:09]} c5 {[%emt 0:00:06]} 6. O-O {[%emt 0:01:07]} a6 {[%emt 0:00:04]} 7. Nc3 {[%emt 0:05:21]} b5 {[%emt 0:00:45]} 8. Bb3 {[%emt 0:02:41]} Bb7 {[%emt 0:00:06]} 9. Qe2 {[%emt 0:01:02]} Nbd7 {[%emt 0:01:20]} 10. Rd1 {[%emt 0:00:44]} Qb8 {[%emt 0:00:45]} 11. d5 {[%emt 0:06:28]} e5 {[%emt 0:10:30]} 12. e4 {[%emt 0:00:54]} c4 {[%emt 0:00:39]} 13. Bc2 {[%emt 0:00:23]} Bd6 {[%emt 0:02:19]} 14. Bg5 {[%emt 0:03:54]} h6 {[%emt 0:00:26]} 15. Bh4 {[%emt 0:02:07]} Nh5 {[%emt 0:03:25]} 16. Bg3 {[%emt 0:03:58]} g5 {[%emt 0:03:32]} 17. Kh1 {[%emt 0:06:00]} Qd8 {[%emt 0:01:41]} 18. Nd2 {[%emt 0:06:24]} Nf4 {[%emt 0:06:13]} 19. Bxf4 {[%emt 0:00:53]} exf4 {[%emt 0:04:23]} 20. Nf3 {[%emt 0:00:48]} Be5 {[%emt 0:01:06]} 21. Nd4 {[%emt 0:00:36]} Bxd4 {[%emt 0:05:31]} 22. Rxd4 {[%emt 0:00:04]} Ne5 {[%emt 0:00:07]} 23. Rad1 {[%emt 0:06:11]} Qd6 {[%emt 0:00:13]} 24. Nb1 {[%emt 0:04:05]} Bc8 {[%emt 0:03:23]} 25. b3 {[%emt 0:01:02]} cxb3 {[%emt 0:01:58]} 26. Bxb3 {[%emt 0:02:15]} Bd7 {[%emt 0:07:36]} 27. Rc1 {[%emt 0:00:37]} Kf8 {[%emt 0:01:52]} 28. Rd2 {[%emt 0:06:58]} f3 {[%emt 0:10:41]} 29. gxf3 {[%emt 0:02:15]} g4 {[%emt 0:00:28]} 30. f4 {[%emt 0:00:37]} Nf3 {[%emt 0:00:05]} 31. e5 {[%emt 0:00:33]} Qg6 {[%emt 0:00:22]} 32. Rd3 {[%emt 0:04:03]} Bf5 {[%emt 0:00:18]} 33. Rxf3 {[%emt 0:03:07]} gxf3 {[%emt 0:01:24]} 34. Qf1 {[%emt 0:00:41]} Bd3 {[%emt 0:03:23]} 35. Qg1 {[%emt 0:00:46]} Qh5 {[%emt 0:00:36]} 36. Qd1 {[%emt 0:02:22]} Qh3 {[%emt 0:01:37]} 0-1

[Event "Norwegian Team Championship 2019"]
[Site "Drammen"]
[Date "2019.05.30"]
[Round "1.11"]
[White "Gullaksen, Eirik"]
[Black "Syrrist, Guttorm Strande"]
[Result "1-0"]
[WhiteElo "2327"]
[BlackElo "1535"]
[Annotator "ChessBase"]
[PlyCount "81"]
[EventDate "2019.05.30"]
[EventType "swiss"]
[EventCountry "NOR"]
[SourceTitle "playchess.com"]
[Source "ChessBase"]
[SourceQuality "1"]
[TimeControl "40/5400:1800"]

1. d4 {[%emt 0:00:08]} d5 {[%emt 0:00:07]} 2. c4 {[%emt 0:00:12]} c6 {[%emt 0:00:07]} 3. cxd5 {[%emt 0:00:22]} cxd5 {[%emt 0:00:14]} 4. Bf4 {[%emt 0:00:06]} Bf5 {[%emt 0:01:50]} 5. Nc3 {[%emt 0:00:24]} e6 {[%emt 0:01:53]} 6. e3 {[%emt 0:01:42]} a6 {[%emt 0:00:39]} 7. Nf3 {[%emt 0:03:41]} Bd6 {[%emt 0:01:43]} 8. Ne5 {[%emt 0:03:36]} Nf6 {[%emt 0:00:59]} 9. Qa4+ {[%emt 0:00:47]} Ke7 {[%emt 0:09:42]} 10. Be2 {[%emt 0:01:22]} Nbd7 {[%emt 0:00:38]} 11. Nxf7 {[%emt 0:02:52]} Kxf7 {[%emt 0:05:34]} 12. Bxd6 {[%emt 0:00:12]} Nb6 {[%emt 0:00:47]} 13. Qb4 {[%emt 0:02:30]} a5 {[%emt 0:02:48]} 14. Qa3 {[%emt 0:00:07]} Nc4 {[%emt 0:00:12]} 15. Bxc4 {[%emt 0:00:10]} dxc4 {[%emt 0:00:04]} 16. Be5 {[%emt 0:09:20]} Qd7 {[%emt 0:02:39]} 17. Qd6 {[%emt 0:00:48]} Qxd6 {[%emt 0:01:22]} 18. Bxd6 {[%emt 0:00:09]} Ne4 {[%emt 0:01:31]} 19. Nxe4 {[%emt 0:00:26]} Bxe4 {[%emt 0:00:08]} 20. f3 {[%emt 0:00:11]} Bd3 {[%emt 0:04:24]} 21. a4 {[%emt 0:00:47]} Ra6 {[%emt 0:01:41]} 22. Bc5 {[%emt 0:09:19]} Rb8 {[%emt 0:00:45]} 23. Kd2 {[%emt 0:02:45]} b5 {[%emt 0:01:18]} 24. axb5 {[%emt 0:00:15]} Rxb5 {[%emt 0:00:14]} 25. b4 {[%emt 0:00:58]} Kf6 {[%emt 0:06:57]} 26. Ra4 {[%emt 0:00:27]} e5 {[%emt 0:00:13]} 27. Rha1 {[%emt 0:01:16]} Ke6 {[%emt 0:02:48]} 28. Rxa5 {[%emt 0:00:34]} Raxa5 {[%emt 0:02:29]} 29. Rxa5 {[%emt 0:00:10]} Rxa5 {[%emt 0:00:02]} 30. bxa5 {[%emt 0:00:14]} Bg6 {[%emt 0:00:14]} 31. Kc3 {[%emt 0:00:46]} exd4+ {[%emt 0:01:46]} 32. Bxd4 {[%emt 0:00:11]} Kd5 {[%emt 0:01:15]} 33. a6 {[%emt 0:02:57]} Kc6 {[%emt 0:00:32]} 34. a7 {[%emt 0:00:23]} Kb7 {[%emt 0:00:09]} 35. Kxc4 {[%emt 0:00:30]} Bf7+ {[%emt 0:00:13]} 36. Kc5 {[%emt 0:00:31]} g6 {[%emt 0:00:51]} 37. Kd6 {[%emt 0:00:09]} Bc4 {[%emt 0:00:17]} 38. e4 {[%emt 0:01:30]} Bf1 {[%emt 0:00:07]} 39. e5 {[%emt 0:00:27]} Bxg2 {[%emt 0:00:07]} 40. e6 {[%emt 0:00:15]} Bxf3 {[%emt 0:00:05]} 41. a8=Q+ {[%emt 0:30:10]} 1-0